000 00403pab a2200157 454500
008 180718b2009 xxu||||| |||| 00| 0 eng d
100 _aBhattarai, Prakash C.
245 _aCountering corruption: globally or locally?
260 _c2009
300 _ap.86-95.
362 _aJun
650 _aCorruption
773 _aNepalese Journal of Public Policy and Governance
908 _aN
909 _a87310
999 _c87310
_d87310